|
|
|
|
| LEADER |
00000nam0a2200000 4500 |
| 001 |
225661 |
| 005 |
20231031201018.0 |
| 010 |
|
|
|a 9785992210279
|
| 035 |
|
|
|a (RuTPU)RU\TPU\book\246016
|
| 090 |
|
|
|a 225661
|
| 100 |
|
|
|a 20121114d2012 m y0rusy50 ca
|
| 101 |
0 |
|
|a rus
|
| 102 |
|
|
|a RU
|
| 105 |
|
|
|a y z 000ay
|
| 200 |
1 |
|
|a Дневник неудачницы. Начало пути
|e роман
|f О. Л. Мяхар, Д. А. Ковальская
|
| 210 |
|
|
|a Москва
|c Альфа-книга
|c Армада
|d 2012
|
| 215 |
|
|
|a 378 с.
|
| 330 |
|
|
|a «— Последний раз спрашиваю. — Крыса встала на задние лапы, уперлась плечом в стену и зло сощурила глаза. — Ты невинна?— Нет, — мрачно.— Отлично. Хочешь изменить свою жизнь?— Мечтаю.— Не язви. Я серьезно. Могу изменить все, раз и навсегда. Считай... что я твой ангел-хранитель».Хотите знать, что было дальше? Тогда устраивайтесь поудобнее и читайте удивительную историю, которую вам поведает разумная версия дневника фирмы «Ведьмак и Ко».
|
| 610 |
1 |
|
|a русская литература
|
| 610 |
1 |
|
|a романы
|
| 610 |
1 |
|
|a фантастика
|
| 675 |
|
|
|a Р2
|v 3
|
| 700 |
|
1 |
|a Мяхар
|b О. Л.
|g Ольга Леонидовна
|
| 701 |
|
1 |
|a Ковальская
|b Д. А.
|g Дарья Александровна
|
| 801 |
|
1 |
|a RU
|b 63413507
|c 20121114
|
| 801 |
|
2 |
|a RU
|b 63413507
|c 20121126
|g RCR
|
| 942 |
|
|
|c BK
|